Central Library OPAC University of Rajshahi

Physiotheraphy, health, first aid and kinesiology in physical education / (Record no. 74351)

MARC details
000 -LEADER
fixed length control field 00711nam a2200229 a 4500
001 - CONTROL NUMBER
control field 74351
003 - CONTROL NUMBER IDENTIFIER
rucl marc code BD-RjUL
005 - DATE AND TIME OF LATEST TRANSACTION
control field 20211209082536.0
008 - FIXED-LENGTH DATA ELEMENTS--GENERAL INFORMATION
fixed length control field 180723s2018 ii a|||| |||| 000 0 eng d
020 ## - INTERNATIONAL STANDARD BOOK NUMBER
International Standard Book Number 9788175247628
Terms of availability Rs.1300.00
035 ## - SYSTEM CONTROL NUMBER
System control number (BD-RjUL)74569
040 ## - CATALOGING SOURCE
Original cataloging agency BD-RjUL
Language of cataloging eng
Transcribing agency BD-RjUL
041 ## - LANGUAGE CODE
Language code of text/sound track or separate title eng
082 ## - DEWEY DECIMAL CLASSIFICATION NUMBER
Edition number 23
Classification number 796
Author mark and year JAP 2018
100 1# - MAIN ENTRY--PERSONAL NAME
Personal name Jagirdar, Md. Ataullah
9 (RLIN) 109873
245 10 - TITLE STATEMENT
Title Physiotheraphy, health, first aid and kinesiology in physical education /
Statement of responsibility, etc. Md. Ataullah Jagirdar , M.A. Bari
260 ## - PUBLICATION, DISTRIBUTION, ETC. (IMPRINT)
Place of publication, distribution, etc. NewDelhi :
Name of publisher, distributor, etc. Khel Sahitya Kendra,
Date of publication, distribution, etc. c2018
300 ## - PHYSICAL DESCRIPTION
Pagination 300 p. :
Illustrations ill ;
Size 22 sm.
650 ## - SUBJECT ADDED ENTRY--TOPICAL TERM
Topical term or geographic name as entry element Sports And Games
9 (RLIN) 221876
700 ## - ADDED ENTRY--PERSONAL NAME
Personal name Bari, M.A.
942 ## - ADDED ENTRY ELEMENTS (KOHA)
Source of classification or shelving scheme Dewey Decimal Classification
Koha item type Books
Holdings
Lost status Source of classification or shelving scheme Damaged status Not for loan Collection code Permanent Location Current Location Shelving location Date acquired Source of acquisition Cost, normal purchase price Total Checkouts Full call number Date last seen Copy number Koha item type
  Dewey Decimal Classification   Not For Loan Non-fiction Central Library, University of Rajshahi Central Library, University of Rajshahi Reading Room 12/07/2018 Dhaka : International book Distribution , 1300.00   796 JAP 2018 23/07/2018 C-1 Books